[Event "Ankara Baskent Univ op 2nd"]
[Site "Ankara"]
[Date "2017.06.30"]
[Round "1"]
[White "Bitirgen, Bilent"]
[Black "Drasko, Milan"]
[Result "0-1"]
[WhiteElo "1786"]
[BlackElo "2451"]
[PlyCount "106"]
[EventDate "2017.06.30"]
[EventType "swiss"]
[EventRounds "9"]
[EventCountry "TUR"]
[SourceTitle "CBM 179 Extra"]
[Source "ChessBase"]
[SourceDate "2017.08.23"]
[SourceVersion "1"]
[SourceVersionDate "2017.08.23"]
[SourceQuality "1"]

1. d4 e6 2. c4 Nf6 3. Nc3 Bb4 4. Bg5 c5 5. dxc5 Na6 6. Qc2 Nxc5 7. Nf3 Nce4 8. Qxe4 Nxe4 9. Bxd8 Kxd8 10. Rc1 b6 11. Ne5 Ke7 12. Nd3 Bxc3+ 13. bxc3 Ba6 14. f3 Nf6 15. Nb2 Rhc8 16. e4 Rc5 17. Nd3 Ra5 18. Nb4 Rc8 19. Nxa6 Rxa6 20. e5 Ne8 21. Rc2 Ra5 22. f4 d6 23. exd6+ Nxd6 24. Bd3 Nxc4 25. Bxc4 Rxc4 26. 0-0 g6 27. Rf3 Rf5 28. g3 g5 29. Rcf2 gxf4 30. gxf4 Kf6 31. Kg2 Ra4 32. Kg3 Rfa5 33. Rd2 Rxa2 34. Rd7 Rc2 35. h3 Rc5 36. Rxa7 R2xc3 37. Rb7 Rxf3+ 38. Kxf3 Rb5 39. Kg4 Kg6 40. h4 h5+ 41. Kf3 f6 42. Rb8 Rb3+ 43. Ke4 Rb4+ 44. Ke3 Kf5 45. Rh8 Rb3+ 46. Ke2 Kxf4 47. Rxh5 f5 48. Rh8 e5 49. h5 e4 50. h6 Rh3 51. h7 b5 52. Kf2 b4 53. Kg2 Rh6 0-1

[Event "TUR Cup"]
[Site "Antalya"]
[Date "2017.02.03"]
[Round "10"]
[White "Bitirgen, Bilent"]
[Black "Gencsoy, Sukru Gorkem"]
[Result "1-0"]
[WhiteElo "1866"]
[BlackElo "1614"]
[PlyCount "55"]
[EventDate "2017.01.28"]
[EventType "swiss"]
[EventRounds "11"]
[EventCountry "TUR"]
[SourceTitle "CBM 176 Extra"]
[Source "ChessBase"]
[SourceDate "2017.03.02"]
[SourceVersion "1"]
[SourceVersionDate "2017.03.02"]
[SourceQuality "1"]

1. d4 Nf6 2. c4 c5 3. d5 b5 4. cxb5 a6 5. f3 e6 6. e4 Nxe4 7. fxe4 Qh4+ 8. Kd2 Qf4+ 9. Kc2 Qxe4+ 10. Qd3 Qe5 11. Nf3 Qc7 12. Nc3 Bb7 13. Bg5 f6 14. Bh4 e5 15. Nd2 d6 16. Nc4 Nd7 17. a4 a5 18. g4 g5 19. Be1 Nb6 20. b3 Bg7 21. Bg2 Bc8 22. h3 f5 23. gxf5 0-0 24. Be4 h5 25. Bd2 Bf6 26. Rag1 Kf7 27. Qf3 Rh8 28. Bxg5 1-0

[Event "TUR Cup"]
[Site "Antalya"]
[Date "2017.02.02"]
[Round "9"]
[White "Kirazci, Okan"]
[Black "Bitirgen, Bilent"]
[Result "0-1"]
[WhiteElo "1626"]
[BlackElo "1866"]
[PlyCount "28"]
[EventDate "2017.01.28"]
[EventType "swiss"]
[EventRounds "11"]
[EventCountry "TUR"]
[SourceTitle "CBM 176 Extra"]
[Source "ChessBase"]
[SourceDate "2017.03.02"]
[SourceVersion "1"]
[SourceVersionDate "2017.03.02"]
[SourceQuality "1"]

1. c4 Nf6 2. Nc3 d5 3. cxd5 c6 4. dxc6 e5 5. g3 Bc5 6. Bg2 Nxc6 7. e3 h5 8. Na4 Be7 9. Qc2 Nb4 10. Qc3 Bf5 11. Kf1 Bd3+ 12. Ne2 e4 13. a3 Nc2 14. Ra2 Rc8 0-1

[Event "TUR-ch"]
[Site "Antalya"]
[Date "2013.02.05"]
[Round "5"]
[White "Bitirgen, Bilent"]
[Black "Celik, Berkay"]
[Result "1-0"]
[WhiteElo "1836"]
[BlackElo "1590"]
[PlyCount "75"]
[EventDate "2013.02.02"]
[EventType "swiss"]
[EventRounds "11"]
[EventCountry "TUR"]
[SourceTitle "CBM 152 Extra"]
[Source "ChessBase"]
[SourceDate "2013.02.25"]
[SourceVersion "1"]
[SourceVersionDate "2013.02.25"]
[SourceQuality "1"]

1. Nf3 Nf6 2. d4 d5 3. c4 e6 4. Bg5 c6 5. Nc3 Nbd7 6. c5 Qa5 7. a3 Ne4 8. b4 Nxc3 9. Qc2 Qa4 10. Qxc3 a5 11. Rb1 b6 12. e4 axb4 13. axb4 dxe4 14. Nd2 f5 15. Bc4 Be7 16. Bxe7 Kxe7 17. d5 Nf6 18. d6+ Kf7 19. 0-0 Qa7 20. Ra1 Qb8 21. Qe5 Re8 22. Qxf5 Ba6 23. Rxa6 Rxa6 24. Nxe4 Ra7 25. Bxe6+ Rxe6 26. Ng5+ Kf8 27. Qxe6 bxc5 28. bxc5 h6 29. Ne4 Nd5 30. Re1 Rf7 31. Ng3 Nf4 32. Qe4 Qc8 33. Ne2 Nd5 34. Nd4 Qd7 35. Qh7 Rf6 36. Qh8+ Kf7 37. Qa8 Qg4 38. Qe8# 1-0

[Event "TUR-ch"]
[Site "Antalya"]
[Date "2013.02.05"]
[Round "6"]
[White "Kiremitciyan, Ari"]
[Black "Bitirgen, Bilent"]
[Result "1-0"]
[WhiteElo "1708"]
[BlackElo "1836"]
[PlyCount "123"]
[EventDate "2013.02.02"]
[EventType "swiss"]
[EventRounds "11"]
[EventCountry "TUR"]
[SourceTitle "CBM 152 Extra"]
[Source "ChessBase"]
[SourceDate "2013.02.25"]
[SourceVersion "1"]
[SourceVersionDate "2013.02.25"]
[SourceQuality "1"]

1. e4 c5 2. Nf3 Nc6 3. d4 cxd4 4. Nxd4 Nf6 5. Nc3 d6 6. Bc4 g6 7. Nxc6 bxc6 8. e5 Nd7 9. exd6 exd6 10. 0-0 Ne5 11. Re1 Be7 12. Bb3 0-0 13. h3 Be6 14. Bh6 Re8 15. f4 Bxb3 16. axb3 Nd7 17. Qd4 Qb6 18. Qxb6 Nxb6 19. Bg5 f6 20. Bh4 Kf7 21. Bf2 c5 22. Ra6 d5 23. Rea1 d4 24. Nb5 Nd5 25. Rxa7 Rxa7 26. Rxa7 Rd8 27. g3 Ne3 28. Na3 Nd1 29. Nc4 Nxf2 30. Kxf2 d3 31. cxd3 Rxd3 32. Rb7 h5 33. Kg2 Ke6 34. Rb8 Kf7 35. Rb6 Ke8 36. Kh2 Kd7 37. g4 h4 38. g5 Bd6 39. Rxd6+ Rxd6 40. Nxd6 Kxd6 41. gxf6 Ke6 42. Kg2 Kxf6 43. Kf3 Kf5 44. b4 cxb4 45. b3 g5 46. fxg5 Kxg5 47. Ke4 Kf6 48. Kf4 Ke6 49. Kg4 Ke5 50. Kxh4 Kf4 51. Kh5 Ke3 52. Kg4 Kd3 53. h4 Kc3 54. h5 Kxb3 55. h6 Kc2 56. h7 b3 57. h8Q b2 58. Qc8+ Kb3 59. Qb7+ Kc2 60. Qc6+ Kd2 61. Qb5 Kc2 62. Qc4+ 1-0

[Event "TUR-ch"]
[Site "Antalya"]
[Date "2013.02.04"]
[Round "4"]
[White "Metin, Mehmet"]
[Black "Bitirgen, Bilent"]
[Result "1-0"]
[WhiteElo "2239"]
[BlackElo "1836"]
[PlyCount "63"]
[EventDate "2013.02.02"]
[EventType "swiss"]
[EventRounds "11"]
[EventCountry "TUR"]
[SourceTitle "CBM 152 Extra"]
[Source "ChessBase"]
[SourceDate "2013.02.25"]
[SourceVersion "1"]
[SourceVersionDate "2013.02.25"]
[SourceQuality "1"]

1. d4 Nf6 2. c4 c5 3. d5 b5 4. cxb5 a6 5. b6 Qxb6 6. Nc3 g6 7. e4 d6 8. Be2 Bg7 9. Nf3 0-0 10. 0-0 Nbd7 11. Nd2 Ne5 12. h3 Rb8 13. f4 Ned7 14. Nc4 Qc7 15. Qc2 Ne8 16. b3 Nb6 17. Bb2 Nxc4 18. Bxc4 Qa7 19. Rae1 Nc7 20. Ne2 Bxb2 21. Qxb2 Bd7 22. f5 Bb5 23. Qd2 Kg7 24. Nf4 Bxc4 25. bxc4 f6 26. fxg6 hxg6 27. Qd3 g5 28. Nh5+ Kh8 29. e5 dxe5 30. Qg6 Ne8 31. Rxe5 e6 32. Qh6+ 1-0

[Event "World Amateur-ch"]
[Site "Antalya"]
[Date "2011.10.08"]
[Round "7"]
[White "Bitirgen, Bilent"]
[Black "Silva, Jorge"]
[Result "0-1"]
[WhiteElo "1855"]
[BlackElo "1986"]
[PlyCount "56"]
[EventDate "2011.10.01"]
[EventType "swiss"]
[EventRounds "9"]
[EventCountry "TUR"]
[SourceTitle "CBM 144 Extra"]
[Source "ChessBase"]
[SourceDate "2011.10.28"]
[SourceVersion "1"]
[SourceVersionDate "2011.10.28"]
[SourceQuality "1"]

1. Nf3 d5 2. g3 Nf6 3. Bg2 g6 4. 0-0 Bg7 5. d3 0-0 6. Nc3 c5 7. e4 dxe4 8. dxe4 Nc6 9. Be3 Qa5 10. h3 Qb4 11. Qc1 Nxe4 12. a3 Nxc3 13. bxc3 Qxc3 14. Rb1 b6 15. Bd2 Qc4 16. Bh6 Bf5 17. Bxg7 Kxg7 18. g4 Be6 19. Nd2 Qa4 20. Re1 Rad8 21. c4 Rd3 22. Bf1 Rxa3 23. Ne4 Nd4 24. Re3 Rxe3 25. fxe3 Nf3+ 26. Kg2 Ne5 27. Qc3 f6 28. g5 Qc6 0-1

[Event "World Amateur-ch"]
[Site "Antalya"]
[Date "2011.10.04"]
[Round "4"]
[White "Harayssi, Zaki"]
[Black "Bitirgen, Bilent"]
[Result "0-1"]
[WhiteElo "1980"]
[BlackElo "1855"]
[PlyCount "104"]
[EventDate "2011.10.01"]
[EventType "swiss"]
[EventRounds "9"]
[EventCountry "TUR"]
[SourceTitle "CBM 144 Extra"]
[Source "ChessBase"]
[SourceDate "2011.10.28"]
[SourceVersion "1"]
[SourceVersionDate "2011.10.28"]
[SourceQuality "1"]

1. e4 c5 2. d3 Nc6 3. g3 d5 4. Nd2 Nf6 5. Bg2 e5 6. Ne2 Be7 7. 0-0 d4 8. h3 h5 9. f4 h4 10. f5 hxg3 11. Nxg3 Bd7 12. Nf3 Qb6 13. a3 0-0-0 14. b4 cxb4 15. axb4 Bxb4 16. Rb1 Qc5 17. Bd2 Bc3 18. Qe2 Rde8 19. Qf2 Bxd2 20. Nxd2 Nh5 21. Nxh5 Rxh5 22. c4 Reh8 23. Rb5 Qe7 24. Rfb1 Nd8 25. Ra5 a6 26. Nf3 f6 27. Qb2 Bc6 28. Nd2 g5 29. Nb3 Qh7 30. Nc5 Rxh3 31. Bxh3 Qxh3 32. Qg2 Qe3+ 33. Kf1 Rh3 34. Ra2 Qf4+ 35. Rf2 Qh4 36. Ke2 g4 37. Kd1 Nf7 38. Kc1 Ng5 39. Rbb2 g3 40. Rf1 b6 41. Nxa6 Rh2 42. Qg1 Qh3 43. Nb4 g2 44. Rd1 Ba4 45. Nd5 Bxd1 46. Nxb6+ Kd8 47. Nd5 Bb3 48. Nf4 Rh1 49. Nxh3 Nxh3 50. Rxg2 Rxg1+ 51. Rxg1 Nxg1 52. Kb2 Bd1 0-1

[Event "TUR-ch"]
[Site "Kemer"]
[Date "2011.02.09"]
[Round "6"]
[White "Donmez, Yusuf"]
[Black "Bitirgen, Bilent"]
[Result "1-0"]
[WhiteElo "2113"]
[BlackElo "1798"]
[PlyCount "99"]
[EventDate "2011.02.05"]
[EventType "swiss"]
[EventRounds "10"]
[EventCountry "TUR"]
[SourceTitle "CBM 140 Extra"]
[Source "ChessBase"]
[SourceDate "2011.03.01"]
[SourceVersion "1"]
[SourceVersionDate "2011.03.01"]
[SourceQuality "1"]

1. d4 d5 2. Nf3 Nf6 3. e3 c6 4. Bd3 Bg4 5. c4 e6 6. Nc3 Nbd7 7. h3 Bh5 8. Qb3 Qb6 9. c5 Qc7 10. e4 dxe4 11. Nxe4 Nxe4 12. Bxe4 Nf6 13. Bc2 Be7 14. Ne5 Bg6 15. Bf4 Bxc2 16. Qxc2 Qa5+ 17. Bd2 Qc7 18. 0-0 Nd5 19. f4 g6 20. Rae1 0-0 21. Rf3 Bf6 22. Qe4 Bg7 23. h4 h5 24. Rg3 Ne7 25. Ra3 Nf5 26. Ba5 Qe7 27. g3 Bxe5 28. Qxe5 Kh7 29. Kf2 b6 30. Bc3 bxc5 31. Qxc5 Qd7 32. Ra6 Rfc8 33. b3 Rc7 34. Rc1 Nh6 35. Ba5 Rcc8 36. Rc4 Ng4+ 37. Ke2 e5 38. Rxc6 Rf8 39. dxe5 Nh2 40. e6 Rfe8 41. f5 Kg8 42. Rc7 Rxe6+ 43. fxe6 Qxe6+ 44. Qe3 Qh3 45. Bc3 Qf1+ 46. Kd2 Rd8+ 47. Kc2 Ng4 48. Rxg4 hxg4 49. Qe5 f6 50. Qe6+ 1-0

[Event "TUR-ch"]
[Site "Kemer"]
[Date "2011.02.07"]
[Round "4"]
[White "Yilmaz, Mustafa"]
[Black "Bitirgen, Bilent"]
[Result "1-0"]
[WhiteElo "2477"]
[BlackElo "1798"]
[PlyCount "121"]
[EventDate "2011.02.05"]
[EventType "swiss"]
[EventRounds "10"]
[EventCountry "TUR"]
[SourceTitle "CBM 140 Extra"]
[Source "ChessBase"]
[SourceDate "2011.03.01"]
[SourceVersion "1"]
[SourceVersionDate "2011.03.01"]
[SourceQuality "1"]

1. e4 d5 2. exd5 Nf6 3. c4 e6 4. Nc3 exd5 5. cxd5 Nxd5 6. d4 Bb4 7. Bd2 0-0 8. Bd3 Nc6 9. Nge2 Bg4 10. f3 Bh5 11. 0-0 Re8 12. Be4 Nf6 13. Bg5 h6 14. Bxf6 Qxf6 15. Nd5 Qd6 16. Kh1 Rad8 17. Ndf4 Bg6 18. Nxg6 fxg6 19. Qb3+ Kh8 20. Rfd1 Rb8 21. Qa4 b5 22. Qc2 Ne7 23. Rac1 Ba5 24. d5 Bb6 25. Rd3 Nf5 26. Qd2 Qe5 27. Nf4 Nh4 28. d6 cxd6 29. g3 g5 30. Nd5 Nf5 31. Nxb6 Rxb6 32. Rd5 Nxg3+ 33. hxg3 Qxg3 34. Qh2 Qxh2+ 35. Kxh2 g4 36. Bg6 Re2+ 37. Kg3 Rb8 38. Rxb5 Rf8 39. fxg4 Re6 40. Bf5 Re3+ 41. Kg2 Re2+ 42. Kg1 g6 43. Rc8 Rxc8 44. Bxc8 Kg7 45. Kf1 Rc2 46. Bb7 Kf6 47. Be4 Rc4 48. Bf3 Rc2 49. Be2 Ke6 50. Bd3 Rc1+ 51. Kf2 g5 52. Ke3 Rh1 53. Bf5+ Kf6 54. Rd5 Ke7 55. Ra5 Kf6 56. Bd3 Rh3+ 57. Kd2 Rh2+ 58. Be2 h5 59. gxh5 g4 60. Ra4 Kf5 61. Rxg4 1-0